| 000 | 00460nam a2200193 a 4500 | ||
|---|---|---|---|
| 005 | 20210219153003.0 | ||
| 008 | 991125n 000 0 eng u | ||
| 035 | _aUPN01000071120 | ||
| 100 | 1 | _aMay, Lola June | |
| 222 | _aDarien, EUA | ||
| 222 | _aGRADE TEACHER | ||
| 245 | _aDecoding numerals | ||
| 300 | _a104-105 | ||
| 362 | 0 | _a1968 Vol. 86, no. 1, sep. | |
| 653 | 0 | _aMATEMATICA | |
| 653 | 0 | _aNUMEROS | |
| 904 |
_aAC _b008931 |
||
| 905 | _aArticulo | ||
| 999 |
_c65570 _d65570 |
||